Statistics for Top Bantu Languages

Click here to take the quiz!

General Stats

  • This quiz has been taken 97 times
  • The average score is 7 of 14

Answer Stats

#Language% Correct
120 mil.Swahili
94%
11.0 mil.Zulu
93%
8.0 mil.Xhosa
89%
5.6 mil.Tswana
75%
11.7 mil.Kinyarwanda
64%
12.0 mil.Shona
54%
9.0 mil.Kirundi
52%
7.0 mil.Chewa
51%
5.3 mil.Tsonga
46%
7.5 mil.Ganda
27%
7.0 mil.Kikuyu
19%
5.5 mil.Sukuma
7%
5.4 mil.Luhya
5%
6.5 mil.Western Luba
4%

Score Distribution

Percentile by Number Answered

Percent of People with Each Score

Your Score History

You have not taken this quiz